Student solutions manual for Single variable calculus : (Record no. 4911)

000 -LEADER
fixed length control field 00561nam a22001577a 4500
008 - FIXED-LENGTH DATA ELEMENTS--GENERAL INFORMATION
fixed length control field 150907b xxu||||| |||| 00| 0 eng d
020 ## - INTERNATIONAL STANDARD BOOK NUMBER
International Standard Book Number 9780495012405
050 ## - LIBRARY OF CONGRESS CALL NUMBER
Classification number QA 303 .A53 2008
100 ## - MAIN ENTRY--PERSONAL NAME
Personal name Anderson, Daniel D.
245 ## - TITLE STATEMENT
Title Student solutions manual for Single variable calculus :
Remainder of title early transcendentals/
Statement of responsibility, etc. Daniel D Anderson.-
250 ## - EDITION STATEMENT
Edition statement 6th ed.:
260 ## - PUBLICATION, DISTRIBUTION, ETC. (IMPRINT)
Place of publication, distribution, etc. Belmont, Calif. :
Name of publisher, distributor, etc. Thomson Brooks/Cole,
Date of publication, distribution, etc. ©2008
300 ## - PHYSICAL DESCRIPTION
Extent x, 532 p. :
Other physical details ill. ;
Dimensions 26 cm
650 ## - SUBJECT ADDED ENTRY--TOPICAL TERM
Topical term or geographic name as entry element Calculus
General subdivision Problems, exercises, etc.
942 ## - ADDED ENTRY ELEMENTS (KOHA)
Source of classification or shelving scheme
Koha item type Hard Covered Materials
Classification part QA 303 .A53 2008
Koha issues (borrowed), all copies 6
Holdings
Withdrawn status Lost status Source of classification or shelving scheme Damaged status Not for loan Home library Current library Date acquired Source of acquisition Total Checkouts Full call number Barcode Date last seen Date last checked out Price effective from Koha item type Shelving location
          MACHAKOS UNIVERSITY LIBRARY MACHAKOS UNIVERSITY LIBRARY 07/09/2015 DONATION (BFA) 3 QA 303 .A53 2008 10952 15/03/2021 09/03/2021 07/09/2015 Hard Covered Materials  
          MACHAKOS UNIVERSITY LIBRARY MACHAKOS UNIVERSITY LIBRARY 21/09/2015 Donation (B.F.A)   QA 303 .A53 2008 11525 04/06/2019   21/09/2015 Hard Covered Materials  
          MACHAKOS UNIVERSITY LIBRARY MACHAKOS UNIVERSITY LIBRARY 29/09/2015 Donation (B.F.A) 2 QA 303 .A53 2008 12682 06/06/2019 07/02/2018 29/09/2015 Hard Covered Materials  
          MACHAKOS UNIVERSITY LIBRARY MACHAKOS UNIVERSITY LIBRARY 29/09/2015 Donation (B.F.A) 3 QA 303 .A53 2008 12752 06/06/2019 15/05/2018 29/09/2015 Hard Covered Materials  
          MACHAKOS UNIVERSITY LIBRARY MACHAKOS UNIVERSITY LIBRARY 14/10/2015 Donation (B.F.A) 3 QA 303 .A53 2008 15340 16/03/2020 14/03/2020 14/10/2015 Hard Covered Materials  
          MACHAKOS UNIVERSITY LIBRARY MACHAKOS UNIVERSITY LIBRARY 20/11/2015 Donation (B.F.A) 3 QA 303 .A53 2008 16468 19/08/2021 16/08/2021 20/11/2015 Hard Covered Materials Technical section
© Machakos University Library, Along The Highway, Machakos Wote Rd, Machakos, Kenya P.O. Box 136 - 90100 Machakos - Kenya

Tel: ( +254 ) 723 805829 OR Fax : 044-20353 OR Email: library@mksu.ac.ke